Câu chuyện đại dương

Sách đem tới cho bạn đọc những câu chuyện đại dương đầy bổ ích và hấp dẫn, là món quà tặng cho các bạn trẻ đặc biệt là những người mê biển.

Đã lưu trong:
書目詳細資料
格式: 圖書
語言:Undetermined
出版: Hà Nội Thanh Niên 1999
主題:
標簽: 添加標簽
沒有標簽, 成為第一個標記此記錄!
Thư viện lưu trữ: Trung tâm Học liệu Trường Đại học Cần Thơ
LEADER 00727nam a2200193Ia 4500
001 CTU_40016
008 210402s9999 xx 000 0 und d
020 |c 95000 
082 |a 500 
082 |b C125 
245 0 |a Câu chuyện đại dương 
245 0 |c Nhiều tác giả 
260 |a Hà Nội 
260 |b Thanh Niên 
260 |c 1999 
520 |a Sách đem tới cho bạn đọc những câu chuyện đại dương đầy bổ ích và hấp dẫn, là món quà tặng cho các bạn trẻ đặc biệt là những người mê biển. 
650 |a Knowledge,Science 
904 |i Trọng Hải 
980 |a Trung tâm Học liệu Trường Đại học Cần Thơ